Hạt giống tâm hồn Gieo niềm tin cuộc sống
Tên tiếng Anh: Chickensoup for the soul - Stories for a better world
Đã lưu trong:
| 主要作者: | |
|---|---|
| 企业作者: | |
| 其他作者: | |
| 格式: | 图书 |
| 出版: |
Tp. Hồ Chí Minh
Tổng hợp Tp. Hồ Chí Minh
2018
|
| 版: | Tái bản lần thứ 7, có chỉnh sửa và bổ sung |
| 主题: | |
| 标签: |
添加标签
没有标签, 成为第一个标记此记录!
|
| Thư viện lưu trữ: | Trung tâm Học liệu Lê Vũ Hùng, Trường Đại học Đồng Tháp |
|---|
| LEADER | 01038pam a22002778a 4500 | ||
|---|---|---|---|
| 001 | 00045019 | ||
| 005 | 20191017161032.0 | ||
| 008 | 161121s2013 ||||||Viesd | ||
| 020 | # | # | |c 50000 |a 9786045881941 |
| 041 | 0 | # | |a Vie |
| 082 | 1 | 4 | |a 158.1 |b H110GI |
| 100 | # | # | |a Canfield, Jack |
| 245 | 0 | 0 | |a Hạt giống tâm hồn |b Gieo niềm tin cuộc sống |c Jack Canfield, Mark Victor Hansen |
| 250 | # | # | |a Tái bản lần thứ 7, có chỉnh sửa và bổ sung |
| 260 | # | # | |a Tp. Hồ Chí Minh |b Tổng hợp Tp. Hồ Chí Minh |c 2018 |
| 300 | # | # | |a 141 tr. |c 21 cm |
| 520 | # | # | |a Tên tiếng Anh: Chickensoup for the soul - Stories for a better world |
| 653 | # | # | |a Cuộc sống |
| 653 | # | # | |a Thành công |
| 653 | # | # | |a Tâm lí học ứng dụng |
| 653 | # | # | |a Tình huống |
| 700 | # | # | |a Hansen, Mark Victor |
| 710 | # | # | |b Biên dịch |a First News |
| 852 | # | # | |j KD.0026404 |
| 910 | 0 | # | |d 17/10/2019 |
| 980 | # | # | |a Trung tâm Học liệu Lê Vũ Hùng, Trường Đại học Đồng Tháp |


